Statistiques concernant Pièces du jeu d'échecs (plateau et images inclus!)

Cliquez ici pour prendre le quiz!

Statistiques générales

  • Ce quiz a été pris 2,326 fois
  • Le résultat moyen est 6 sur 6

Statistiques - réponses

Pièce % Correct
Roi
99%
Reine
99%
Tour
97%
Pion
96%
Fou
95%
Cavalier
95%

Distribution des résultats

Percentile by Number Answered

% des personnes avec chaque résultat

Votre développement - résultats

Vous n’avez pas pris ce quiz